00297 2200121 4500001002100000005001500021035002000036245007200056300000800128260001900136082000800155990001200163INLIS00000000000212620250527111755 a0010-0525000418 aKemerdekaan Indonesia Kembali /cImam Arif Hari Soleh, Jazim Hamidi a198 bIRCisod,c2004 a813 a0712686